LEADER 01821nam a2200373 u 4500 001 000000006954 003 CaOOAMICUS 005 20070226104930.0 008 950623s1983 cau u000 u eng u 020 $a0520047575 035 $a10181834 040 $aCSt$bita 082 0 $a261.2/6/09394$219 100 1 $aWilken, Robert Louis,$d1936-$0(OLS)http://pul/name/7053 245 10$aJohn Chrysostom and the Jews :$brhetoric and reality in the late fourth century /$cRobert L. Wilken. 260 $aBerkeley :$bUniversity of California Press,$cc1983. 300 $axvii, 190 p. ;$c25 cm 490 1 $aTransformation of the classical heritage ;$v4 500 $aIndex: p. 185-190. 504 $aBibliography: p. 165-183. 600 00$aJohn Chrysostom,$cSaint,$dd. 407.$2//eng$0(OLS)http://pul/subject/6202 650 0$aChristianity and other religions$xJudaism.$2//eng$0(OLS)http://pul/subject/6203 650 0$aJudaism$xRelations$xChristianity.$2//eng$0(OLS)http://pul/subject/6204 650 0$aApologetics$xHistory$yEarly church, ca. 30-600.$2//eng$0(OLS)http://pul/subject/3188 651 0$aAntioch (Turkey)$xReligion.$2//eng$0(OLS)http://pul/subject/6205 830 0$aTransformation of the classical heritage ;$v4.$0(OLS)http://pul/title/10204 850 $aPUL 852 $aPUL$W1$xSL Religione 1$y3$m7(1) C 55$j9814$nBK-PRI$b $qStampati$B9814$CPULBib$Z2$F9814 $H $81 941 1 $a8 961 $aINV: 53878 996 $6020$a0520047575$9(OLS)http://pul/number/9041 996 $6082$a261.2/6/09394$219$9(OLS)http://pul/classification/183 996 $6245$aJohn Chrysostom and the Jews :$brhetoric and reality in the late fourth century$9(OLS)http://pul/title/10203 996 $6260$aBerkeley :$bUniversity of California Press$9(OLS)http://pul/publisher/50169 LEADER 01869nam a2200361 a 4500 001 000000124936 003 CaOOAMICUS 005 20110406110924.0 008 110406s2010 it fr 101 0 ita r 020 $a978-88-8227-313-2 040 $aPUL$bita 082 04$a248.32 111 2 $aConvegno ecumenico internazionale di spiritualitą ortodossa$n(17 :$d2009 :$cBose).$0(OLS)http://pul/name/78947 245 13$aLa lotta spirituale nella tradizione ortodossa :$batti del XVII Convegno ecumenico internazionale di spiritualitą ortodossa, Bose, 09-12 settembre 2009 /$ca cura di Sabino Chialą, Lisa Cremaschi e Adalberto Mainardi ; [contributi di] E. Bianchi ... [et al.]. 260 $aMagnano (BI) :$bQiqajon,$c©2010. 300 $a365 p. ;$c21 cm 490 1 $aSpiritualitą orientale 500 $aInclude indice. 504 $aBibliografia in nota. 650 4$aSpiritualitą ortodossa$xCongressi.$0(OLS)http://pul/subject/37539 700 1 $aChialą, Sabino.$0(OLS)http://pul/name/64543 700 1 $aCremaschi, Lisa.$0(OLS)http://pul/name/26331 700 1 $aMainardi, Adalberto,$d1966-$0(OLS)http://pul/name/26688 700 1 $aBianchi, Enzo,$d1943-$0(OLS)http://pul/name/26766 830 0$aSpiritualitą orientale.$0(OLS)http://pul/title/63383 850 $aPUL 852 $aPUL$W1$xSL Religione 3$y85$m248. 32 BIAEN 1$j143832$qDDC 21$B142870$CPULBib$Z2$F142870 $H115365 $82 941 1 $a9 996 $6020$a978-88-8227-313-2$9(OLS)http://pul/number/146855 996 $6082$a248.32$9(OLS)http://pul/classification/1876 996 $6245$aLa lotta spirituale nella tradizione ortodossa :$batti del XVII Convegno ecumenico internazionale di spiritualitą ortodossa, Bose, 09-12 settembre 2009$9(OLS)http://pul/title/157509 996 $6260$aMagnano (BI) :$bQiqajon$9(OLS)http://pul/publisher/67280